<?xml version="1.0" encoding="UTF-8"?>
<record
    xmlns:xsi="http://www.w3.org/2001/XMLSchema-instance"
    xsi:schemaLocation="http://www.loc.gov/MARC21/slim http://www.loc.gov/standards/marcxml/schema/MARC21slim.xsd"
    xmlns="http://www.loc.gov/MARC21/slim">

  <leader>00553nam a2200157   4500</leader>
  <controlfield tag="005">20260410221329.0</controlfield>
  <controlfield tag="008">-</controlfield>
  <datafield tag="040" ind1=" " ind2=" ">
    <subfield code="a">Biblioteca LadoV Teor&#xE9;tica</subfield>
    <subfield code="c">Biblioteca LadoV Teor&#xE9;tica</subfield>
  </datafield>
  <datafield tag="082" ind1="0" ind2="4">
    <subfield code="a">417.02</subfield>
    <subfield code="b">D674t</subfield>
  </datafield>
  <datafield tag="100" ind1="1" ind2=" ">
    <subfield code="a">Don, Mee Choi</subfield>
  </datafield>
  <datafield tag="245" ind1="1" ind2="3">
    <subfield code="a">La traducci&#xF3;n es una forma :</subfield>
    <subfield code="b">La traducci&#xF3;n es una forma: La traducci&#xF3;n es una forma anti-neocolonial /</subfield>
    <subfield code="c">por Don Mee Choi</subfield>
  </datafield>
  <datafield tag="260" ind1=" " ind2="1">
    <subfield code="a">Mexico : </subfield>
    <subfield code="b">Taller XD--Cr&#xE1;ter Invertido, </subfield>
    <subfield code="c">2020</subfield>
  </datafield>
  <datafield tag="300" ind1=" " ind2=" ">
    <subfield code="a">19 p&#xE1;ginas : </subfield>
    <subfield code="b">dibujos a color ; </subfield>
    <subfield code="c">20 x 14 cm.</subfield>
  </datafield>
  <datafield tag="650" ind1=" " ind2="4">
    <subfield code="a">TRADUCCIONES</subfield>
  </datafield>
  <datafield tag="942" ind1=" " ind2=" ">
    <subfield code="2">ddc</subfield>
    <subfield code="c">1</subfield>
    <subfield code="n">0</subfield>
  </datafield>
  <datafield tag="999" ind1=" " ind2=" ">
    <subfield code="c">4635</subfield>
    <subfield code="d">4635</subfield>
  </datafield>
  <datafield tag="952" ind1=" " ind2=" ">
    <subfield code="0">0</subfield>
    <subfield code="1">0</subfield>
    <subfield code="2">ddc</subfield>
    <subfield code="4">0</subfield>
    <subfield code="7">0</subfield>
    <subfield code="a">LV</subfield>
    <subfield code="b">LV</subfield>
    <subfield code="d">2026-04-10</subfield>
    <subfield code="l">0</subfield>
    <subfield code="o">417.02 D674t</subfield>
    <subfield code="r">2026-04-10 22:14:07</subfield>
    <subfield code="w">2026-04-10</subfield>
    <subfield code="y">1</subfield>
  </datafield>
</record>
